000 00760nam a2200229 a 4500
999 _c1690
_d1690
001 1690
003 BD-JhCC
005 20200213134007.0
008 171023s2011 bg |||| |||| 001 0 ben d
020 _a9847011800011
035 _a(BD-JhCC)1690
040 _aBD-JhCC
_dBD-JhCC
041 _aben
082 _223
_a891.4435
_bKAB 2011
100 _aকবির, আহসানুল
245 _aজীবনানন্দ দাশের স্বদেশ বাংলাদেশ /
_c আহসানুল কবির
260 _aঢাকা :
_bমুক্তদেশ প্রকাশন,
_c২০১১.
300 _a১২৭ পৃ :
_c২১ সেমি.
650 _aShort stories, Bengali
942 _2ddc
_cBK
_02